[Event "Nutcracker Rapid B 2015"]
[Site "Moscow RUS"]
[Date "2015.12.24"]
[Round "1.1"]
[White "Nesterov, Arseniy"]
[Black "Mylnikova, Olga"]
[Result "1/2-1/2"]
[BlackTitle "WFM"]
[WhiteElo "2102"]
[BlackElo "2197"]
[WhiteTeam "Youths"]
[BlackTeam "Girls"]
[WhiteFideId "24198455"]
[BlackFideId "24137880"]
[EventDate "2015.12.24"]

1. e4 c5 2. Nf3 Nc6 3. Bb5 e6 4. O-O Nge7 5. c3 a6 6. Ba4 b5 7. Bc2 d5 8. e5 d4
9. Qe2 Bb7 10. Be4 Nd5 11. d3 dxc3 12. Nxc3 Be7 13. Rd1 O-O 14. d4 cxd4 15. Nxd5
exd5 16. Bb1 g6 17. a3 Re8 18. Qd3 Rc8 19. g3 Qd7 20. h4 Qg4 21. Bf4 Bf8 22. Ba2
Rcd8 23. Re1 Bg7 24. Rac1 Rd7 25. Rc5 Bf8 26. Rc2 Bg7 27. Rc5 Bf8 28. Rc2 Rde7
29. Rce2 Bg7 30. Bxd5 Nb4 31. axb4 Bxd5 32. Nxd4 Bc4 33. Qe4 Bxe2 34. Rxe2 Rxe5
35. Bxe5 Qxe4 36. Rxe4 Rxe5 37. Rxe5 Bxe5 38. Nc6 Bd6 39. Kf1 Kf8 40. Ke2 Ke8
41. Kd3 Kd7 42. Nd4 Bxb4 43. Nf3 h6 44. Ne5+ Ke6 45. Ke4 Bd6 46. Nd3 a5 47. g4
a4 48. Kd4 b4 49. Ke4 a3 50. bxa3 bxa3 51. Nc1 h5 52. gxh5 gxh5 53. Na2 f5+ 54.
Kf3 Ke5 55. Nc1 f4 56. Ke2 Kf5 57. Kf3 Be7 58. Na2 Bxh4 59. Nb4 Be7 60. Na2 Bc5
61. Nc1 Bd6 62. Na2 Be5 63. Nc1 Bd6 64. Na2 Ke5 65. Nc3 Kd4 66. Nb5+ Kd5 67.
Nxa3 Bxa3 68. Kxf4 Be7 69. Kg3 Ke4 70. Kg2 Kf4 71. Kh1 Kf3 72. Kg1 Bd6 73. Kh1
Bf4 74. Kg1 h4 75. Kh1 h3 76. Kg1 Kg4 77. Kh1 Kg5 78. Kg1 1/2-1/2

[Event "Nutcracker Rapid B 2015"]
[Site "Moscow RUS"]
[Date "2015.12.24"]
[Round "1.2"]
[White "Tsoi, Dmitry"]
[Black "Dordzhieva, Dinara"]
[Result "1/2-1/2"]
[BlackTitle "WIM"]
[WhiteElo "2060"]
[BlackElo "2230"]
[WhiteTeam "Youths"]
[BlackTeam "Girls"]
[WhiteFideId "24194697"]
[BlackFideId "24157570"]
[EventDate "2015.12.24"]

1. e4 c5 2. Nf3 d6 3. d4 cxd4 4. Nxd4 Nf6 5. f3 e5 6. Nb3 Be6 7. c4 a5 8. Be3 a4
9. N3d2 Qa5 10. Be2 Be7 11. O-O O-O 12. Na3 Bd8 13. Rc1 Bb6 14. c5 Bxc5 15. Bxc5
dxc5 16. Ndc4 Bxc4 17. Nxc4 Qc7 18. Qd6 Qxd6 19. Nxd6 b6 20. Bb5 a3 21. b3 Na6
22. Bxa6 Rxa6 23. Nc4 Nh5 24. g3 f6 25. Rfd1 b5 26. Nd6 c4 27. bxc4 bxc4 28.
Nxc4 Rc8 29. Ne3 Rxc1 30. Rxc1 g6 31. Rc8+ Kf7 32. Rc7+ Kf8 33. Rc3 Ng7 34. Nc2
Ne6 35. Rxa3 Rc6 36. Nb4 Rc1+ 37. Kf2 Nd4 38. Ra8+ Kg7 39. Ra7+ Kh6 40. Nd5 f5
41. h4 Rc2+ 42. Ke3 Re2+ 43. Kd3 fxe4+ 44. fxe4 Rg2 45. g4 g5 46. h5 Rxg4 47.
Rxh7+ Kxh7 48. Nf6+ Kh6 49. Nxg4+ Kxh5 50. Nxe5 Ne6 51. Kc4 g4 52. Nxg4 Kxg4 53.
Kd5 Nd8 54. a4 Nb7 55. e5 Kf5 56. e6 Kf6 57. Kc6 Nd8+ 58. Kd6 Nxe6 59. a5 Nd4
60. a6 Nb5+ 61. Kc6 Na7+ 1/2-1/2

[Event "Nutcracker Rapid B 2015"]
[Site "Moscow RUS"]
[Date "2015.12.24"]
[Round "1.3"]
[White "Potapova, Margarita"]
[Black "Remizov, Yaroslav"]
[Result "0-1"]
[WhiteTitle "WFM"]
[WhiteElo "2121"]
[BlackElo "2093"]
[WhiteTeam "Girls"]
[BlackTeam "Youths"]
[WhiteFideId "14126869"]
[BlackFideId "34134015"]
[EventDate "2015.12.24"]

1. e4 d6 2. d4 Nf6 3. Nc3 e5 4. Nge2 Nbd7 5. h3 c6 6. a4 g6 7. g4 Bg7 8. Bg2 O-O
9. Be3 Re8 10. O-O b6 11. Ng3 Bb7 12. g5 Nh5 13. Nxh5 gxh5 14. d5 cxd5 15. exd5
f5 16. Qxh5 Nf8 17. f4 e4 18. Rad1 Ba6 19. Rfe1 Ng6 20. Bf1 Bxf1 21. Rxf1 Rc8
22. Bd4 Qe7 23. Bxg7 Qxg7 24. Qe2 Nh4 25. Qe3 Nf3+ 26. Kh1 Qf7 27. Qf2 Qh5 28.
Qg2 a6 29. Nb1 Rxc2 30. Nd2 Rxd2 31. Rxd2 Nxd2 32. Qxd2 Qxh3+ 33. Qh2 Qxf1+ 34.
Qg1 Qxg1+ 0-1

[Event "Nutcracker Rapid B 2015"]
[Site "Moscow RUS"]
[Date "2015.12.24"]
[Round "1.4"]
[White "Dimitrova, Aleksandra"]
[Black "Shubin, Kirill"]
[Result "0-1"]
[WhiteTitle "WFM"]
[BlackTitle "FM"]
[WhiteElo "2193"]
[BlackElo "2208"]
[WhiteTeam "Girls"]
[BlackTeam "Youths"]
[WhiteFideId "24173371"]
[BlackFideId "34119962"]
[EventDate "2015.12.24"]

1. e4 a6 2. d4 b5 3. Nf3 Bb7 4. Bd3 e6 5. O-O c5 6. c3 Nf6 7. Re1 Be7 8. Nbd2
cxd4 9. cxd4 d5 10. e5 Nfd7 11. Nb3 Nb6 12. Nc5 Bc6 13. b3 N8d7 14. Be3 Nxc5 15.
dxc5 Nd7 16. b4 O-O 17. Nd4 Qc7 18. f4 Rfe8 19. Bf2 Nf8 20. f5 Bd7 21. c6 Bc8
22. Qb3 Bg5 23. a4 bxa4 24. Rxa4 Rb8 25. Nf3 Be7 26. Rc1 exf5 27. Qxd5 Rxb4 28.
Rxb4 Bxb4 29. Qb3 a5 30. h3 Be6 31. Qa4 Ng6 32. Qb5 Rb8 33. Qa6 Bd5 34. Qa7 Rc8
35. Qxc7 Rxc7 36. Bb5 Ba3 37. Ra1 Bb2 38. Rb1 Bxf3 39. Rxb2 Bxc6 40. Rc2 Ne7 41.
Bh4 Ng6 42. Bg5 h6 43. Bc1 Nxe5 44. Bf4 Bxb5 45. Rxc7 Ng6 46. Bd6 a4 47. Rc5 Bd3
48. Rd5 Be4 49. Rd4 Nh4 50. Rd2 g5 51. Bg3 Nxg2 52. Ra2 f4 53. Bf2 Ne3 54. Rxa4
Bf5 55. Kh2 Nf1+ 56. Kg2 Nd2 57. h4 f6 58. Bd4 Ne4 59. Ra8+ Kf7 60. Ra7+ Kg6 61.
Ra6 g4 62. Bf2 f3+ 63. Kg1 g3 64. Bxg3 Nxg3 65. Kf2 Nh5 66. Kxf3 Ng7 67. Kf4
Ne6+ 68. Kg3 h5 69. Ra8 Bg4 70. Ra6 Ng7 71. Kf4 Nf5 72. Ra8 Nxh4 73. Rg8+ Kf7
74. Ra8 Ng6+ 75. Kg3 f5 76. Ra7+ Kf6 77. Ra4 Kg5 78. Ra5 h4+ 79. Kh2 Nf8 80. Ra8
Ne6 81. Rg8+ Kf4 82. Re8 Nd4 83. Ra8 Nf3+ 84. Kh1 Kg3 85. Ra2 Ng5 86. Rg2+ Kf4
87. Rf2+ Nf3 88. Ra2 Ng5 89. Rf2+ Ke3 90. Ra2 f4 91. Ra3+ Kf2 92. Ra2+ Kg3 93.
Rg2+ Kf3 94. Ra2 Bf5 95. Ra3+ Kg4 96. Kh2 h3 97. Ra7 f3 98. Ra2 Bd3 99. Kg1 Kg3
100. Rb2 Be2 0-1

[Event "Nutcracker Rapid B 2015"]
[Site "Moscow RUS"]
[Date "2015.12.24"]
[Round "2.1"]
[White "Dordzhieva, Dinara"]
[Black "Nesterov, Arseniy"]
[Result "1-0"]
[WhiteTitle "WIM"]
[WhiteElo "2230"]
[BlackElo "2102"]
[WhiteTeam "Girls"]
[BlackTeam "Youths"]
[WhiteFideId "24157570"]
[BlackFideId "24198455"]
[EventDate "2015.12.24"]

1. c4 c6 2. Nf3 d5 3. e3 Nf6 4. Nc3 e6 5. b3 Bd6 6. Bb2 Nbd7 7. Qc2 O-O 8. Rg1
e5 9. g4 e4 10. g5 exf3 11. gxf6 g6 12. cxd5 Bxh2 13. Rh1 Be5 14. dxc6 Nxf6 15.
d4 Bc7 16. Bd3 bxc6 17. O-O-O Ng4 18. Rdg1 Be6 19. Be4 Ba5 20. Na4 Rc8 21. Nc5
Qf6 22. d5 cxd5 23. Bxf6 Nxf6 24. Bxg6 fxg6 25. Rxg6+ Kf7 26. Rxf6+ Kxf6 27.
Rh6+ Kg5 28. Rxe6 Bb6 29. Re5+ Kg4 30. Rxd5 1-0

[Event "Nutcracker Rapid B 2015"]
[Site "Moscow RUS"]
[Date "2015.12.24"]
[Round "2.2"]
[White "Potapova, Margarita"]
[Black "Tsoi, Dmitry"]
[Result "1/2-1/2"]
[WhiteTitle "WFM"]
[WhiteElo "2121"]
[BlackElo "2060"]
[WhiteTeam "Girls"]
[BlackTeam "Youths"]
[WhiteFideId "14126869"]
[BlackFideId "24194697"]
[EventDate "2015.12.24"]

1. e4 c5 2. Nf3 d6 3. d4 Nf6 4. Nc3 cxd4 5. Nxd4 a6 6. h3 e5 7. Nb3 h5 8. Be2
Be6 9. O-O Be7 10. Re1 Nc6 11. Bg5 g6 12. Bxf6 Bxf6 13. Nd5 Be7 14. a4 Bxd5 15.
Qxd5 O-O 16. c3 Qd7 17. Nd2 Qc7 18. Nc4 Nd8 19. Qa5 Qc6 20. Nb6 Rb8 21. Nd5 Bg5
22. g3 Ne6 23. Qb6 Bd8 24. Qe3 Kg7 25. f4 exf4 26. gxf4 Bh4 27. Rf1 Qc5 28. Qxc5
Nxc5 29. Bf3 Rfe8 30. Nc7 Re7 31. Nd5 Ree8 32. Nc7 Re7 33. Nd5 1/2-1/2

[Event "Nutcracker Rapid B 2015"]
[Site "Moscow RUS"]
[Date "2015.12.24"]
[Round "2.3"]
[White "Remizov, Yaroslav"]
[Black "Dimitrova, Aleksandra"]
[Result "1-0"]
[BlackTitle "WFM"]
[WhiteElo "2093"]
[BlackElo "2193"]
[WhiteTeam "Youths"]
[BlackTeam "Girls"]
[WhiteFideId "34134015"]
[BlackFideId "24173371"]
[EventDate "2015.12.24"]

1. e4 c5 2. Nf3 Nc6 3. d4 cxd4 4. Nxd4 Qb6 5. Nb3 Nf6 6. Nc3 e6 7. Be2 Bb4 8.
Bf3 Ne5 9. O-O O-O 10. Bg5 Be7 11. Be2 d6 12. Be3 Qc7 13. f4 Nc4 14. Bxc4 Qxc4
15. Qd3 Qxd3 16. cxd3 Ng4 17. Bd2 Bd8 18. h3 Bb6+ 19. d4 Nf6 20. a4 a6 21. a5
Ba7 22. e5 dxe5 23. fxe5 Nd7 24. Kh2 Nb8 25. Ne4 Bd7 26. Bb4 Rd8 27. Be7 Re8 28.
Bc5 Bxc5 29. Nbxc5 Bc6 30. Nd6 Re7 31. Nc8 Re8 32. Nb6 Ra7 33. Rf4 Bb5 34. Ne4
Rf8 35. Nd6 Nc6 36. Ndc8 Ra8 37. Nxa8 Rxc8 38. Nb6 Rd8 39. Na4 Nxd4 40. Nc5 Bc6
41. Raf1 Nf5 42. g4 Ne3 43. R1f2 Nd1 44. Re2 Rd5 45. Nb3 Bb5 46. Rc2 Bc6 47. Rd4
Ne3 48. Rxd5 exd5 49. Rc5 Nc4 50. e6 fxe6 51. Nd4 e5 52. Nxc6 bxc6 53. Rxc6 Nxa5
54. Rxa6 Nc4 55. b3 Nd2 56. b4 d4 57. b5 Nc4 58. b6 Nd6 59. Ra7 e4 60. Rd7 1-0

[Event "Nutcracker Rapid B 2015"]
[Site "Moscow RUS"]
[Date "2015.12.24"]
[Round "2.4"]
[White "Shubin, Kirill"]
[Black "Mylnikova, Olga"]
[Result "0-1"]
[WhiteTitle "FM"]
[BlackTitle "WFM"]
[WhiteElo "2208"]
[BlackElo "2197"]
[WhiteTeam "Youths"]
[BlackTeam "Girls"]
[WhiteFideId "34119962"]
[BlackFideId "24137880"]
[EventDate "2015.12.24"]

1. e4 c5 2. Nf3 Nc6 3. c3 Nf6 4. d3 d5 5. Qc2 e5 6. Be2 Be7 7. O-O O-O 8. h3 d4
9. a4 Ne8 10. Nbd2 Nd6 11. Nh2 Be6 12. f4 f6 13. f5 Bf7 14. c4 Nb4 15. Qd1 a6
16. g4 b5 17. b3 bxc4 18. bxc4 Nxc4 19. Nxc4 Bxc4 20. dxc4 d3 21. Be3 dxe2 22.
Qxe2 Qc7 23. h4 Qc6 24. Qg2 Rad8 25. g5 Rd3 26. Rae1 Qxa4 27. g6 h6 28. Ng4 Nc2
29. Qe2 Nxe1 30. Rxe1 Rfd8 31. Nf2 R3d7 32. Qh5 Bf8 33. Ng4 Rd1 0-1

[Event "Nutcracker Rapid B 2015"]
[Site "Moscow RUS"]
[Date "2015.12.24"]
[Round "3.1"]
[White "Nesterov, Arseniy"]
[Black "Potapova, Margarita"]
[Result "1/2-1/2"]
[BlackTitle "WFM"]
[WhiteElo "2102"]
[BlackElo "2121"]
[WhiteTeam "Youths"]
[BlackTeam "Girls"]
[WhiteFideId "24198455"]
[BlackFideId "14126869"]
[EventDate "2015.12.24"]

1. d4 Nf6 2. Bg5 d5 3. Bxf6 exf6 4. e3 Bd6 5. Nd2 O-O 6. g3 c6 7. Bg2 Be6 8. Ne2
Nd7 9. O-O f5 10. b3 Nf6 11. c4 Ne4 12. c5 Bc7 13. f3 Nxd2 14. Qxd2 b6 15. Rfc1
bxc5 16. Rxc5 Bd7 17. Nf4 Bd6 18. Rc2 Re8 19. Nd3 h5 20. f4 f6 21. h4 Qe7 22.
Kf2 a5 23. Bf3 g6 24. Nc5 Rec8 25. Rac1 Be8 26. Qd3 Kg7 27. Rc3 Rcb8 28. R1c2
Ra7 29. Rc1 Raa8 30. R1c2 Ra7 31. Rc1 Raa8 32. Rg1 Bxc5 33. Rxc5 a4 34. Rgc1
axb3 35. axb3 Ra3 36. R1c3 Rb7 37. Qc2 Qd8 38. Qd3 Qb8 39. Bd1 Ra2+ 40. Bc2 Bd7
41. Kf3 Rb2 42. Bd1 g5 43. hxg5 fxg5 44. fxg5 h4 45. gxh4 Qh2 46. Qf1 Qxh4 47.
Bc2 Qg4+ 48. Kf2 f4 49. Qg2 fxe3+ 50. Rxe3 Qf4+ 51. Qf3 Qh2+ 52. Qg2 Qf4+ 53.
Qf3 Qh2+ 54. Qg2 Qf4+ 55. Qf3 Qh2+ 1/2-1/2

[Event "Nutcracker Rapid B 2015"]
[Site "Moscow RUS"]
[Date "2015.12.24"]
[Round "3.2"]
[White "Tsoi, Dmitry"]
[Black "Dimitrova, Aleksandra"]
[Result "1/2-1/2"]
[BlackTitle "WFM"]
[WhiteElo "2060"]
[BlackElo "2193"]
[WhiteTeam "Youths"]
[BlackTeam "Girls"]
[WhiteFideId "24194697"]
[BlackFideId "24173371"]
[EventDate "2015.12.24"]

1. e4 c5 2. Nf3 Nc6 3. d4 cxd4 4. Nxd4 Qb6 5. Nb3 Nf6 6. Nc3 e6 7. Be3 Qc7 8.
Be2 Bb4 9. f3 d5 10. O-O Bxc3 11. bxc3 O-O 12. Bg5 Qe5 13. Bxf6 Qxf6 14. exd5
exd5 15. Qxd5 Qxc3 16. Qd3 Qf6 17. Qb5 b6 18. Bd3 Bd7 19. Qh5 g6 20. Qh6 Nb4 21.
Be4 Rac8 22. Qd2 Qe7 23. Rae1 Be6 24. a3 Nc6 25. Bxc6 Rxc6 26. Nd4 Rd6 27. Qf2
Rfd8 28. c3 Qf6 29. Nxe6 Rxe6 30. Rxe6 Qxe6 31. Re1 Qc4 32. Qe3 Rc8 33. Qd4
Qxd4+ 34. cxd4 Rc3 35. a4 Rc4 36. a5 bxa5 37. d5 Rd4 38. Re7 Rxd5 39. Rxa7 Kg7
40. Ra6 Rd1+ 41. Kf2 Ra1 42. Ke3 h5 43. g3 Ra2 44. h4 a4 45. Ra5 a3 46. Ra6 Ra1
47. Kf2 Kf8 48. Kg2 Ke7 49. Kh2 Kd7 50. Ra7+ Ke6 51. Kg2 Kd5 52. Rxf7 Kc4 53. g4
Rd1 54. Rc7+ Kb3 55. Rb7+ Ka2 56. gxh5 gxh5 57. f4 Ka1 58. f5 Rd6 59. Kf3 1/2-1/2

[Event "Nutcracker Rapid B 2015"]
[Site "Moscow RUS"]
[Date "2015.12.24"]
[Round "3.3"]
[White "Mylnikova, Olga"]
[Black "Remizov, Yaroslav"]
[Result "0-1"]
[WhiteTitle "WFM"]
[WhiteElo "2197"]
[BlackElo "2093"]
[WhiteTeam "Girls"]
[BlackTeam "Youths"]
[WhiteFideId "24137880"]
[BlackFideId "34134015"]
[EventDate "2015.12.24"]

1. e4 d6 2. d4 Nf6 3. Nc3 Nbd7 4. f4 e5 5. Nf3 exd4 6. Nxd4 g6 7. Be2 Bg7 8. O-O
O-O 9. Bf3 Re8 10. Nb3 Rb8 11. a4 b6 12. Qd3 Bb7 13. Bd2 Nf8 14. Rae1 N6d7 15.
Kh1 Ne6 16. Be3 Ndc5 17. Nxc5 Nxc5 18. Bxc5 bxc5 19. b3 Qd7 20. Nd5 Bxd5 21.
exd5 Rxe1 22. Rxe1 Re8 23. Rxe8+ Qxe8 24. Qe2 Qd8 25. g3 h5 26. Kg2 Qf6 27. Qe8+
Kh7 28. Qe4 h4 29. Qd3 Qa1 30. Be2 Bd4 31. Bf1 Kg7 32. Qe4 Qc1 33. Qe2 Qa1 34.
Qd3 Qe1 35. Qe2 Qc1 36. Qd3 Bf6 37. Qe2 Qa1 38. Qd3 Qb2 39. Be2 Qc1 40. Bf1 Qa1
41. Qe2 Qd4 42. Qd3 Qb4 43. Be2 Bd4 44. Bf1 Qb7 45. Qe4 Qb4 46. Qd3 Qe1 47. Qe2
Qc1 48. Qd3 a5 49. Qe2 c4 50. Qxc4 Qe3 51. Qe2 Qg1+ 52. Kf3 hxg3 53. hxg3 Qh1+
54. Qg2 Qh5+ 55. Ke4 Bc5 56. g4 Qh4 57. Qe2 Qg3 58. Bg2 f5+ 0-1

[Event "Nutcracker Rapid B 2015"]
[Site "Moscow RUS"]
[Date "2015.12.24"]
[Round "3.4"]
[White "Dordzhieva, Dinara"]
[Black "Shubin, Kirill"]
[Result "1-0"]
[WhiteTitle "WIM"]
[BlackTitle "FM"]
[WhiteElo "2230"]
[BlackElo "2208"]
[WhiteTeam "Girls"]
[BlackTeam "Youths"]
[WhiteFideId "24157570"]
[BlackFideId "34119962"]
[EventDate "2015.12.24"]

1. Nf3 Nf6 2. c4 c5 3. g3 Nc6 4. Bg2 g6 5. d4 cxd4 6. Nxd4 Bg7 7. Nc3 O-O 8. O-O
Ne8 9. Nxc6 bxc6 10. Bxc6 Rb8 11. Bg2 Nd6 12. Qd3 Nb7 13. b3 Nc5 14. Qe3 d6 15.
Bb2 a5 16. Ba3 Ne6 17. Rac1 Bb7 18. Nd5 Bd4 19. Qd2 f5 20. Bb2 Bxb2 21. Qxb2 f4
22. Qc3 Qd7 23. Qxa5 Nd4 24. Rfe1 e6 25. Nxf4 g5 26. Qxg5+ Kh8 27. Bxb7 Qxb7 28.
Qh4 Nf5 29. Qh3 Qf7 30. Rcd1 e5 31. Nd3 Rg8 32. c5 e4 33. Nf4 e3 34. cxd6 Nxd6
35. fxe3 Nf5 36. Qh5 Qf6 37. Rd7 Nh6 38. Qd5 Rb4 39. Qd6 1-0

[Event "Nutcracker Rapid B 2015"]
[Site "Moscow RUS"]
[Date "2015.12.24"]
[Round "4.1"]
[White "Dimitrova, Aleksandra"]
[Black "Nesterov, Arseniy"]
[Result "1/2-1/2"]
[WhiteTitle "WFM"]
[WhiteElo "2193"]
[BlackElo "2102"]
[WhiteTeam "Girls"]
[BlackTeam "Youths"]
[WhiteFideId "24173371"]
[BlackFideId "24198455"]
[EventDate "2015.12.24"]

1. e4 e5 2. Nf3 Nc6 3. Bb5 Nf6 4. O-O Nxe4 5. d4 Nd6 6. Bxc6 dxc6 7. dxe5 Nf5 8.
Qxd8+ Kxd8 9. h3 h6 10. g4 Ne7 11. Nc3 Bd7 12. Be3 Kc8 13. a4 a5 14. Nd4 c5 15.
Ndb5 b6 16. f4 h5 17. f5 hxg4 18. hxg4 Bc6 19. Kf2 Rh2+ 20. Kg3 Rg2+ 21. Kf4
Rxc2 22. Rf2 Rxf2+ 23. Bxf2 Nd5+ 24. Nxd5 Bxd5 25. Nc3 Bc6 26. Bh4 Kb7 27. Rd1
Re8 28. b3 Kc8 29. Rd3 Kb7 30. Nb5 Bxb5 31. axb5 Kc8 32. e6 Bd6+ 33. Kf3 fxe6
34. Ke4 exf5+ 35. Kxf5 Re4 1/2-1/2

[Event "Nutcracker Rapid B 2015"]
[Site "Moscow RUS"]
[Date "2015.12.24"]
[Round "4.2"]
[White "Mylnikova, Olga"]
[Black "Tsoi, Dmitry"]
[Result "0-1"]
[WhiteTitle "WFM"]
[WhiteElo "2197"]
[BlackElo "2060"]
[WhiteTeam "Girls"]
[BlackTeam "Youths"]
[WhiteFideId "24137880"]
[BlackFideId "24194697"]
[EventDate "2015.12.24"]

1. d4 d5 2. c4 e6 3. Nc3 Be7 4. cxd5 exd5 5. Bf4 c6 6. e3 Nf6 7. Bd3 Bg4 8. Nge2
Bh5 9. f3 Bg6 10. e4 dxe4 11. fxe4 O-O 12. O-O Re8 13. Qc2 Na6 14. a3 Nc7 15. h3
Ne6 16. Be3 Rc8 17. Rad1 a5 18. Bc4 Bf8 19. Ng3 c5 20. Bxe6 Rxe6 21. d5 Re8 22.
Bg5 Qd6 23. Nf5 Bxf5 24. Rxf5 Nd7 25. Rdf1 f6 26. Bc1 c4 27. Kh1 Qb6 28. R5f3
Bd6 29. Be3 Qa6 30. a4 Ne5 31. Rf5 Ng6 32. Bd4 Bb8 33. Nb5 Ne5 34. Bxe5 Bxe5 35.
Rd1 Red8 36. Rf3 Qb6 37. Qe2 Qc5 38. Qc2 Bb8 39. Rdf1 Qe7 40. Rf5 Re8 41. Re1
Qd7 42. Rf3 b6 43. Rc3 Qe7 44. d6 Bxd6 45. Nxd6 Qxd6 46. Rxc4 Rcd8 47. Rc6 Qg3
48. Rg1 Qe3 49. Qc4+ Kh8 50. Rc7 Qxe4 51. Qxe4 Rxe4 52. Rb7 Rb4 53. Rb1 h5 54.
b3 h4 55. Rc7 Rd3 56. Rc4 Rdxb3 57. Rxh4+ Rxh4 58. Rxb3 Rb4 59. Ra3 Kh7 60. Kh2
Kg6 61. Kg3 Kg5 62. Kf3 Kh4 63. Ra1 Rb3+ 64. Kf2 Kg5 65. Rc1 Rb4 66. Rc6 Kf4 67.
g3+ Ke4 68. g4 Kd5 69. Rc7 g5 70. Rf7 Ke5 71. Rb7 Kf4 72. Rf7 Rb2+ 73. Ke1 Kg3
74. Rh7 Rb4 75. Rf7 Kxh3 0-1

[Event "Nutcracker Rapid B 2015"]
[Site "Moscow RUS"]
[Date "2015.12.24"]
[Round "4.3"]
[White "Remizov, Yaroslav"]
[Black "Dordzhieva, Dinara"]
[Result "0-1"]
[BlackTitle "WIM"]
[WhiteElo "2093"]
[BlackElo "2230"]
[WhiteTeam "Youths"]
[BlackTeam "Girls"]
[WhiteFideId "34134015"]
[BlackFideId "24157570"]
[EventDate "2015.12.24"]

1. e4 c5 2. Nf3 Nc6 3. d4 cxd4 4. Nxd4 Qb6 5. Nb3 Nf6 6. Nc3 e6 7. Bd3 Be7 8.
O-O d6 9. Be3 Qc7 10. f4 a6 11. a4 O-O 12. g4 Re8 13. g5 Nd7 14. Qh5 g6 15. Qh4
Bf8 16. Rf3 Bg7 17. Rh3 Nf8 18. Rf1 d5 19. Bc5 Ne7 20. e5 b6 21. Bd6 Qa7 22. Nd4
b5 23. Qf2 bxa4 24. Nxa4 Bd7 25. Nc5 Qb6 26. Qh4 Bb5 27. Bxb5 axb5 28. Rb3 Qxd6
29. exd6 Bxd4+ 30. Kh1 Nf5 31. Qe1 Bxc5 32. Rxb5 Bxd6 33. Rb7 Rec8 34. Qd2 Ra4
35. b4 Ra2 36. Rc1 Rc4 37. Qd3 Bxf4 38. Rf1 Bd6 39. Rf2 Bxb4 40. Kg2 Bc5 41. Re2
Ra1 42. h3 Rg1+ 43. Kh2 Rxg5 44. Rg2 Rxg2+ 45. Kxg2 Rxc2+ 46. Kf3 Rf2+ 47. Kg4
h5+ 48. Kg5 Nh7# 0-1

[Event "Nutcracker Rapid B 2015"]
[Site "Moscow RUS"]
[Date "2015.12.24"]
[Round "4.4"]
[White "Shubin, Kirill"]
[Black "Potapova, Margarita"]
[Result "0-1"]
[WhiteTitle "FM"]
[BlackTitle "WFM"]
[WhiteElo "2208"]
[BlackElo "2121"]
[WhiteTeam "Youths"]
[BlackTeam "Girls"]
[WhiteFideId "34119962"]
[BlackFideId "14126869"]
[EventDate "2015.12.24"]

1. e4 c5 2. Nf3 d6 3. d4 cxd4 4. Qxd4 Nf6 5. e5 dxe5 6. Qxd8+ Kxd8 7. Nxe5 Be6
8. Nc3 Nbd7 9. Nxd7 Bxd7 10. Bf4 e6 11. O-O-O Bc5 12. f3 Ke7 13. Bd3 Bc6 14.
Rhe1 Bb4 15. Bd2 Bd6 16. h3 Bg3 17. Re2 Rac8 18. Kb1 Rhd8 19. Be3 b6 20. Bg5 h6
21. Bd2 Nd5 22. Nxd5+ Bxd5 23. Bb4+ Bd6 24. Bc3 Kf8 25. Ba6 Rc7 26. Red2 Rb8 27.
Bb5 Ra8 28. Bd3 Bf4 29. Re2 Rd8 30. Bb5 Bxa2+ 31. Kxa2 Rxd1 32. Re4 Bd6 33. Kb3
Rg1 34. Rg4 g6 35. Bd4 Rd1 36. Bd3 h5 37. Re4 Bg3 38. Ba6 Rd2 39. c4 Rxg2 40.
Bf6 Rd7 41. Bb5 Rd3+ 42. Ka4 Rxf3 0-1

[Event "Nutcracker Rapid B 2015"]
[Site "Moscow RUS"]
[Date "2015.12.25"]
[Round "5.1"]
[White "Nesterov, Arseniy"]
[Black "Dimitrova, Aleksandra"]
[Result "1/2-1/2"]
[BlackTitle "WFM"]
[WhiteElo "2102"]
[BlackElo "2193"]
[WhiteTeam "Youths"]
[BlackTeam "Girls"]
[WhiteFideId "24198455"]
[BlackFideId "24173371"]
[EventDate "2015.12.24"]

1. e4 c5 2. Nf3 Nc6 3. Bb5 Nf6 4. Bxc6 dxc6 5. d3 Bg4 6. O-O Nd7 7. h3 Bh5 8.
Be3 e5 9. Nc3 Be7 10. Ne2 Bxf3 11. gxf3 Nf8 12. f4 exf4 13. Bxf4 Qd7 14. Kh2
O-O-O 15. Ng3 g6 16. Be5 Rg8 17. Qf3 Ne6 18. Bc3 h5 19. e5 Bg5 20. Ne4 Qd5 21.
Nxg5 Nxg5 22. Qxd5 cxd5 23. f4 Ne6 24. f5 gxf5 25. Rxf5 Rg7 26. Raf1 Rdg8 27.
R1f2 h4 28. Rxf7 Rg3 29. Bd2 Rg1 30. Re7 Nd4 31. Re8+ Rxe8 32. Kxg1 Rxe5 33. Bc3
Rg5+ 34. Kh2 1/2-1/2

[Event "Nutcracker Rapid B 2015"]
[Site "Moscow RUS"]
[Date "2015.12.25"]
[Round "5.2"]
[White "Tsoi, Dmitry"]
[Black "Mylnikova, Olga"]
[Result "1-0"]
[BlackTitle "WFM"]
[WhiteElo "2060"]
[BlackElo "2197"]
[WhiteTeam "Youths"]
[BlackTeam "Girls"]
[WhiteFideId "24194697"]
[BlackFideId "24137880"]
[EventDate "2015.12.24"]

1. e4 c5 2. Nf3 Nc6 3. d4 cxd4 4. Nxd4 Nf6 5. Nc3 e5 6. Ndb5 d6 7. Bg5 a6 8. Na3
b5 9. Nd5 Be7 10. Bxf6 Bxf6 11. c4 Nd4 12. Nc2 Be6 13. Nxd4 exd4 14. Bd3 O-O 15.
O-O Bxd5 16. cxd5 g6 17. Rc1 Rc8 18. Qb3 Qd7 19. Qa3 Rxc1 20. Rxc1 Rc8 21. Rf1
Ra8 22. Rc1 Be5 23. h3 Rc8 24. Rf1 Ra8 25. Qa5 Qc8 26. Qb6 Rb8 27. Qa7 Ra8 28.
Qb6 Rb8 29. Qa5 Bf4 30. Qa3 Ra8 31. Re1 Qc5 32. Qxc5 dxc5 33. g3 Bc7 34. b3 Rc8
35. f4 Bb6 36. Rc1 Kf8 37. Kf2 Ke7 38. Kf3 f6 39. h4 Kd6 40. a4 bxa4 41. bxa4
Ra8 42. Bc4 Ba5 43. Rb1 Bb4 44. Rb2 a5 45. Re2 Re8 46. Bb5 Re7 47. h5 f5 48.
hxg6 hxg6 49. Bc4 fxe4+ 50. Rxe4 Rxe4 51. Kxe4 Bd2 52. g4 g5 53. f5 Bf4 54. f6
Kd7 55. Kf5 Ke8 56. Ke6 Kf8 57. d6 Bg3 58. d7 Bc7 59. Kf5 Bb6 60. Kxg5 Bc7 61.
Kf5 d3 62. Bxd3 c4 63. Bxc4 Bd8 64. Bb5 Kf7 65. g5 Kg8 66. g6 Kf8 67. g7+ 1-0

[Event "Nutcracker Rapid B 2015"]
[Site "Moscow RUS"]
[Date "2015.12.25"]
[Round "5.3"]
[White "Dordzhieva, Dinara"]
[Black "Remizov, Yaroslav"]
[Result "0-1"]
[WhiteTitle "WIM"]
[WhiteElo "2230"]
[BlackElo "2093"]
[WhiteTeam "Girls"]
[BlackTeam "Youths"]
[WhiteFideId "24157570"]
[BlackFideId "34134015"]
[EventDate "2015.12.24"]

1. Nf3 d5 2. c4 c6 3. e3 Nf6 4. Nc3 Bg4 5. h3 Bxf3 6. Qxf3 e5 7. cxd5 cxd5 8.
Bb5+ Nc6 9. e4 d4 10. Nd5 a6 11. Ba4 Bd6 12. O-O O-O 13. Nxf6+ Qxf6 14. Qxf6
gxf6 15. d3 Rfc8 16. Bh6 Bf8 17. Bxf8 Kxf8 18. a3 Na5 19. f4 b5 20. Bd1 Ke7 21.
fxe5 fxe5 22. Bg4 Rc7 23. Rac1 Raa7 24. Rxc7+ Rxc7 25. Bd1 f6 26. Kf2 Rc1 27.
Ke1 Rb1 28. Rf2 Nb3 29. Rc2 Kd6 30. h4 Nc5 31. Rd2 Rxb2 32. Ke2 Rxd2+ 33. Kxd2
a5 34. Be2 h6 35. g3 b4 36. axb4 axb4 37. Kc2 Kc6 38. Bh5 b3+ 39. Kb2 Kb5 40.
Bf7 Kb4 41. Bc4 Na4+ 42. Kc1 b2+ 43. Kc2 Ka3 0-1